LEADER 01088nam a2200253 i 4500 001 000000168333 003 CaOOAMICUS 005 20080108000000.0 008 080108s1957 it u000 u ita u 013 $a145735 040 $aSeMil$bita 245 10$aAlmanacco della famiglia bustocca per l'anno 1957 /$c[presentazione di Luigi Belotti]. 260 $a[Busto Arsizio] :$bLa Famiglia Bustocca,$c1957. 300 $a184, [12] p. :$bill. ;$c21 cm. 500 $aFondo Card. Giovanni Colombo. 650 4$aBusto Arsizio - Folclore e tradizioni locali.$0(OLS)http://semarc/subject/5670 650 4$aBusto Arsizio - Almanacchi.$0(OLS)http://semarc/subject/17889 700 1 $aBelotti, Luigi.$0(OLS)http://semarc/name/43071 850 $aSeMil 852 $aSeMil$W1$xVenegono$y1$m3P I 161$j119418$B119418$CSeMilBibl$Z2$F143313 $81 941 1 $a3 961 $aLascito: Colombo Card. Giovanni 996 $6245$aAlmanacco della famiglia bustocca per l'anno 1957$9(OLS)http://semarc/title/240827 996 $6260$a[Busto Arsizio] :$bLa Famiglia Bustocca$9(OLS)http://semarc/publisher/44010 LEADER 01094nam a2200277 i 4500 001 000000096379 003 CaOOAMICUS 005 20060531000000.0 008 060531s1946 it u000 u ita u 013 $a68621 040 $aSeMil$bita 100 1 $aBeckford, William.$0(OLS)http://semarc/name/36529 245 10$aVathek /$cWilliam Beckford ; nota introduttiva di Alberto Moravia ; traduzione di Giaime Pintor. 260 $aTorino :$bEinaudi,$ccopyr. 1946. 300 $aXV, 122 p. ;$c20 cm. 490 0 $aCentopagine : collezione di grandi narratori ;$v27 500 $aFondo Ciprandi. 700 1 $aPintor, Giaime.$0(OLS)http://semarc/name/4029 700 1 $aMoravia, Alberto,$d<1907-1990>.$0(OLS)http://semarc/name/8085 830 0$aCentopagine ;$v27.$0(OLS)http://semarc/title/19222 850 $aSeMil 852 $aSeMil$W1$xVenegono$y1$m1V II 143$j56100$B56100$CSeMilBibl$Z2$F63980 $81 941 1 $a1 961 $aOmaggio: Ciprandi dott. Paolo 996 $6245$aVathek$9(OLS)http://semarc/title/119382 996 $6260$aTorino :$bEinaudi$9(OLS)http://semarc/publisher/29884